Una mascota para Hombre Mosca. / Tedd Arnold ; translated by J.P. Lombana. (Record no. 20783)

MARC details
000 -LEADER
fixed length control field 00749nam a2200229 a 4500
001 - CONTROL NUMBER
control field sjdsz9mscp b4655427
003 - CONTROL NUMBER IDENTIFIER
control field sjds
005 - DATE AND TIME OF LATEST TRANSACTION
control field 20180524175230.0
008 - FIXED-LENGTH DATA ELEMENTS--GENERAL INFORMATION
fixed length control field eng
020 ## - INTERNATIONAL STANDARD BOOK NUMBER
International Standard Book Number 9780545698313 (pbk.)
020 ## - INTERNATIONAL STANDARD BOOK NUMBER
International Standard Book Number 0545698316 (pbk.)
040 ## - CATALOGING SOURCE
Transcribing agency sjds
041 ## - LANGUAGE CODE
Language code of text/sound track or separate title spa
Language code of original eng
100 ## - MAIN ENTRY--PERSONAL NAME
Personal name Arnold, Ted.
245 #0 - TITLE STATEMENT
Title Una mascota para Hombre Mosca. / Tedd Arnold ; translated by J.P. Lombana.
260 ## - PUBLICATION, DISTRIBUTION, ETC. (IMPRINT)
Place of publication, distribution, etc. New York :
Name of publisher, distributor, etc. Scholastic,
Date of publication, distribution, etc. 2014.
300 ## - PHYSICAL DESCRIPTION
Extent 30 unnumbered pages :
Other physical details color illustrations ;
Dimensions 26 cm.
440 ## - SERIES STATEMENT/ADDED ENTRY--TITLE
Title Scholastic en español
500 ## - GENERAL NOTE
General note Originally published in English as A pet for Fly Guy.<br/>First Spanish printing, September 2014.
700 ## - ADDED ENTRY--PERSONAL NAME
Personal name Lombana, Jose Pablo
942 ## - ADDED ENTRY ELEMENTS (KOHA)
Koha item type Libro/Book

No items available.

Powered by Koha